TSG 1899 Hoffenheim 22/23 squad - Statistics

General Stats
  • This quiz has been taken 45 times
    10 since last reset
  • The average score is 18 of 32
Answer Stats
# Player % Correct
27 Andrej Kramarić
100%
1 Oliver Baumann
100%
8 Dennis Geiger
89%
9 Ihlas Bebou
89%
25 Kevin Akpoguma
89%
14 Christoph Baumgartner
78%
3 Pavel Kaderabek
78%
Coach Pellegrino Matarazzo
78%
4 Ermin Bičakčić
67%
22 Kevin Vogt
67%
10 Munas Dabbur
67%
5 Ozan Kabak
67%
29 Robert Skov
67%
40 Umut Tohumcu
67%
13 Angelo Stiller
56%
20 Finn Ole Becker
56%
6 Grischa Prömel
56%
23 John Anthony Brooks
56%
16 Sebastian Rudy
56%
39 Tom Bischof
56%
11 Angeliño
44%
44 Fisnik Asllani
44%
7 Jacob Brunn Larsen
44%
19 Kasper Dolberg
44%
12 Philipp Pentke
44%
17 Thomas Delaney
44%
34 Stanley Nsoki
33%
37 Luca Philipp
22%
35 Muhammed Damar
22%
36 Nahue Noll
22%
26 Eduardo Quaresma
11%
24 Justin Che
0%
No matching quizzes found
Score Distribution
Percent of People with Each Score
Percentile by Number Answered
Your Score History
You have not taken this quiz since the last reset